000 00489nam a2200181Ia 4500
008 090123s9999 xx 000 0 und d
082 _b40354
100 _aपाटील शैलजा
245 _aबंधन
250 _a1
260 _bमनोकामना प्रकाशन
_c2006
300 _a196
600 _aपाटील शैलजा
630 _aबंधन
700 _aपाटील शैलजा
730 _aबंधन
942 _cBOOK
999 _c78428
_d78428